00535 2200181 4500001002100000005001700021035002400038040001200062082001200074084002200086110003900108245008200147260004400229300002600273650002100299850001200320990002100332YOGYA00000000009619620170427153653.0 0010-081400000095913 aYOPDYOG a630.212 aDEP 630.212 Bad S aBADAN PUSAT STATISTIK (Yogyakarta) aStatistik Pertanian Tanaman Pangan Propinsi DIY 2001c/ Badan Pusat Statistik aYogyakartabBadan Pusat Statistikc2002 aii, 81 hlm.c; 28 cm. aPertanian, Hasil aYOPDYOG aCB-D.11/2002-404